| 000 | 00000nam##2200000za#4500 |
| 001 | 9.644174 |
| 003 | CaOODSP |
| 005 | 20250506145324 |
| 007 | cr ||||||||||| |
| 008 | 150407|1968||||xxc|||||o f|0| 0 fre|d |
| 040 | |aCaOODSP|bfre |
| 043 | |an-cn--- |
| 086 | 1 |aA43-1367/1968F-PDF |
| 110 | 1 |aCanada.|bAgriculture Canada. |
| 245 | 13|aLa petite mineuse du bouleau / |h[ressource électronique]|c[par] Ludger Bellefleur. |
| 260 | |aOttawa - Ontario : |bAgriculture Canada |c1968. |
| 300 | |a6p.|bill. |
| 500 | |aPublication historique numérisée par Agriculture et Agroalimentaire Canada. |
| 590 | |a15-02-Supp|b2015-02-16 |
| 720 | 1 |aBellefleur, Ludger |
| 775 | 08|tThe birch leaf miner / |w(CaOODSP)9.700274 |
| 856 | 40|ahttp://publications.gc.ca|qPDF|s340 Ko|uhttps://publications.gc.ca/collections/collection_2015/aac-aafc/A43-1367-1968-fra.pdf |
| 986 | |aPublication 1367 |